Nuevo local de la Caja de Ahorros Provincial
Publicado:
San Jorge, núm. 89 (1r trimestre 1973), pàg 58 :
MARC
| LEADER | 00000nam a2200000Ia 4500 | ||
|---|---|---|---|
| 001 | |||
| 008 | 160829s9999 xx 000 0 cat d | ||
| 245 | |a Nuevo local de la Caja de Ahorros Provincial | ||
| 260 | |a San Jorge, núm. 89 (1r trimestre 1973), pàg 58 | ||
| 610 | 2 | 0 | |a Caixa de Catalunya |9 53090 |
| 650 | |a Bancs |x Sucursals |x Sant Joan Despí |9 41844 | ||
| 901 | |a Arxiu | ||
| 942 | |n 1 | ||
| 952 | |0 0 |1 0 |4 0 |7 1 |9 50506 |a Arxiu |b Arxiu |d 2016-12-01 |l 0 |r 2016-12-01 00:00:00 |w 2016-12-01 |y ARXIU | ||
| 999 | |c 54348 |d 54348 | ||